| 000 | 01358ncm0a22003491 4500 | ||
|---|---|---|---|
| 001 | RU\NLR\ONIZ\212957 | ||
| 005 | 20250624195825.0 | ||
| 035 | _aRU\NLR\ONIZ\GALA\5000026143\20151105125549 | ||
| 035 | _a(NLR Aleph) 010892445 | ||
| 071 | 2 | 0 | _aс 3461 к |
| 090 |
_a10561694 _c10561694 |
||
| 100 | _a20151105d2003 |||y0rusy50 ca | ||
| 101 | 0 | _arus | |
| 102 | _aRU | ||
| 125 | _aax | ||
| 200 | 1 |
_aДетский альбом _bНоты _eдля фп. _fД. Жученко |
|
| 210 |
_aСанкт-Петербург _cКомпозитор - Санкт-Петербург _d2003 |
||
| 215 |
_a30 с. _d29 см |
||
| 300 | _aПарал. рус., англ. | ||
| 606 | 1 |
_aЦиклы пьес для фортепиано _yРоссия _z20-21 век _jНоты _2nlr_sh |
|
| 606 | 1 |
_aЦиклы пьес для фортепиано для детей _yРоссия _z20-21 вв. _jНоты _2nlr_sh |
|
| 686 |
_aЩ954.2-054(2Р=Рус) _vLBC/SL _2rubbk |
||
| 686 |
_aЩ985.42(2Р=Рус)я44 _vLBC/SL _2rubbk |
||
| 700 | 1 |
_9z01790 _aЖученко _bД. О. _f1965- _gДмитрий Олегович _4230 |
|
| 790 | 1 |
_9z01700 _aZhuchenko _bD. _f1965- _gDmitrij _4230 |
|
| 801 | 0 |
_aRU _bNLR _c20151105 _gPSBO |
|
| 801 | 1 |
_aRU _bNLR _c20151105 _2rusmarc |
|
| 801 | 2 |
_aRU _bNLR _c20151113 |
|
| 852 |
_aNLR _bМ _jК-3/27532 _p257299 _t1 |
||
| 942 | _cSCORE | ||
| 980 | _aNB | ||